Herbal tea remedies : (Record no. 29804)

MARC details
000 -LEADER
fixed length control field 00657nam a2200205 4500
001 - CONTROL NUMBER
control field vtls002844760
003 - CONTROL NUMBER IDENTIFIER
control field MY-SjTCS
005 - DATE AND TIME OF LATEST TRANSACTION
control field 20200306154530.0
008 - FIXED-LENGTH DATA ELEMENTS--GENERAL INFORMATION
fixed length control field 110218 00 eng
020 ## - INTERNATIONAL STANDARD BOOK NUMBER
International Standard Book Number 0754808149
039 #9 - LEVEL OF BIBLIOGRAPHIC CONTROL AND CODING DETAIL [OBSOLETE]
Level of rules in bibliographic description 201102181455
Level of effort used to assign nonsubject heading access points VLOAD
-- 200407271957
-- VLOAD
082 04 - DEWEY DECIMAL CLASSIFICATION NUMBER
Classification number 641.877
Item number HOU
100 1# - MAIN ENTRY--PERSONAL NAME
Personal name Houdret, Jessica
9 (RLIN) 16762
245 10 - TITLE STATEMENT
Title Herbal tea remedies :
Remainder of title tisanes, cordials and tonics for health and healing /
Statement of responsibility, etc. Jessica Houdret
260 ## - PUBLICATION, DISTRIBUTION, ETC.
Place of publication, distribution, etc. London :
Name of publisher, distributor, etc. Lorenz Books,
Date of publication, distribution, etc. c2001.
300 ## - PHYSICAL DESCRIPTION
Extent 64p. :
Other physical details col. ill. ;
Dimensions 21 x 21 cm.
650 #0 - SUBJECT ADDED ENTRY--TOPICAL TERM
Topical term or geographic name entry element Herbal teas.
9 (RLIN) 213126
650 #0 - SUBJECT ADDED ENTRY--TOPICAL TERM
Topical term or geographic name entry element Herbs
General subdivision Therapeutic use.
9 (RLIN) 11868
920 ## - Programme
Programme TCHT: 640140
Holdings
Withdrawn status Lost status Source of classification or shelving scheme Damaged status Not for loan Home library Current library Date acquired Total Checkouts Barcode Date last seen Date last checked out Copy number Koha item type Public note
  Missing Dewey Decimal Classification     Taylor's Library-TU Taylor's Library-TU 27/07/2004   1000803457 05/12/2019 27/01/2010 1 Main Collection SCAFS,30003,02,CL